000 01860nam a2200361Ia 4500
001 ebr10052973
003 CaPaEBR
006 m u
007 cr cn|||||||||
008 040203s2004 mdua ss 001 0 eng d
020 _z0890598576
029 1 _aocm54346263
040 _aCaPaEBR
_cCaPaEBR
035 _a(OCoLC)614675285
050 1 4 _aHD8064
_b.H38 2004eb
245 0 0 _aHandbook of U.S. labor statistics
_h[electronic resource] :
_bemployment, earnings, prices, productivity, and other labor data /
_ceditor, Eva E. Jacobs ; associate editor, Mary Meghan Ryan.
246 3 0 _aEmployment, earnings, prices, productivity, and other labor data
246 3 _aHandbook of United States labor statistics
246 3 _aHandbook of US labor statistics
250 _a7th ed., 2004.
260 _aLanham, MD :
_bBernan Press,
_cc2004.
300 _axxii, 471 p. :
_bchiefly tables.
500 _aIncludes index.
505 2 _aPopulation, labor force, and employment status -- Employment, hours, and earnings -- Occupational employment and wages -- Projections of labor force and employment by industry and occupation -- Productivity and costs -- Compensation of employees -- Prices and living conditions -- Consumer expenditures -- Occupational safety and health -- Labor management relations -- Foreign labor and price statistics.
533 _aElectronic reproduction.
_bPalo Alto, Calif. :
_cebrary,
_d2009.
_nAvailable via World Wide Web.
_nAccess may be limited to ebrary affiliated libraries.
650 0 _aLabor
_zUnited States
_vStatistics.
650 0 _aStatistics.
655 7 _aElectronic books.
_2local
700 1 _aJacobs, Eva E.
700 1 _aRyan, Mary Meghan.
710 2 _aebrary, Inc.
856 4 0 _uhttp://site.ebrary.com/lib/rucke/Doc?id=10052973
_zAn electronic book accessible through the World Wide Web; click to view
999 _c65113
_d65113